[Event "EU-Cup Online Gr-E"]
[Site "Tornelo INT"]
[Date "2021.03.28"]
[Round "6.2"]
[White "Koutlas, Nikolaos"]
[Black "Barbini, Denis"]
[Result "1-0"]
[WhiteElo "2078"]
[BlackElo "2035"]
[PlyCount "87"]
[EventDate "2021.03.27"]
[EventType "team-tourn (rapid)"]
[EventRounds "9"]
[EventCountry "NET"]
[SourceTitle "CBM 201 Extra"]
[Source "ChessBase"]
[SourceDate "2021.05.31"]
[SourceVersion "1"]
[SourceVersionDate "2021.05.31"]
[SourceQuality "1"]
[WhiteTeam "Kavalas"]
[BlackTeam "Lexovien"]
[WhiteTeamCountry "GRE"]
[BlackTeamCountry "FRA"]

1. e4 d6 2. d4 Nf6 3. Nc3 g6 4. f4 Bg7 5. Nf3 c5 6. Bb5+ Bd7 7. e5 Ng4 8. Bxd7+ Qxd7 9. h3 cxd4 10. Qxd4 Nh6 11. Qf2 0-0 12. 0-0 dxe5 13. fxe5 Nc6 14. Bf4 f6 15. Rad1 Qf5 16. Qe3 Nf7 17. g4 Qe6 18. exf6 Qxe3+ 19. Bxe3 exf6 20. Rd7 b6 21. Rc7 Rac8 22. Rxc8 Rxc8 23. Nd5 Rd8 24. c4 Nfe5 25. Nxe5 Nxe5 26. b3 b5 27. Rd1 Rb8 28. Bxa7 Ra8 29. cxb5 Rxa7 30. b6 Rb7 31. Rc1 Rb8 32. Rc7 f5 33. b7 Nf3+ 34. Kf2 Be5 35. Rc8+ Kf7 36. Rxb8 Bxb8 37. Kxf3 fxg4+ 38. hxg4 Ke6 39. Nb4 Kd6 40. Na6 Ba7 41. b8Q+ Bxb8 42. Nxb8 Kc5 43. g5 Kb4 44. Nc6+ 1-0

[Event "FRA-chT Top 12"]
[Site "Chartres"]
[Date "2017.05.22"]
[Round "5.6"]
[White "Barbini, Denis"]
[Black "Marcelin, Cyril"]
[Result "0-1"]
[WhiteElo "2101"]
[BlackElo "2472"]
[PlyCount "72"]
[EventDate "2017.05.18"]
[EventType "team-tourn"]
[EventRounds "11"]
[EventCountry "FRA"]
[SourceTitle "CBM 178 Extra"]
[Source "ChessBase"]
[SourceDate "2017.06.22"]
[SourceVersion "1"]
[SourceVersionDate "2017.06.22"]
[SourceQuality "1"]
[WhiteTeam "Lisieux"]
[BlackTeam "Saint Quentin"]
[WhiteTeamCountry "FRA"]
[BlackTeamCountry "FRA"]

1. Nf3 g6 2. g3 Bg7 3. Bg2 e5 4. d3 Ne7 5. 0-0 0-0 6. c4 c6 7. Nc3 d6 8. Qc2 h6 9. b3 f5 10. e3 g5 11. Bb2 Ng6 12. Ne2 Nd7 13. b4 Nf6 14. b5 c5 15. Nd2 h5 16. d4 e4 17. Rad1 Qe7 18. Nc3 Be6 19. Rfe1 h4 20. f3 hxg3 21. fxe4 gxh2+ 22. Kh1 Ng4 23. Nf1 fxe4 24. Rd2 Nh4 25. Nxh2 Nxh2 26. Kxh2 Nf3+ 27. Bxf3 exf3 28. Qe4 Qf7 29. Kg3 Rae8 30. Rh1 Bh3 31. Qd5 g4 32. Nd1 Qxd5 33. cxd5 cxd4 34. Bxd4 Bxd4 35. Rxd4 f2 36. Nxf2 Rxe3+ 0-1

[Event "FRA-chT Top 12"]
[Site "Chartres"]
[Date "2017.05.19"]
[Round "2.8"]
[White "Dacalor, Aurelie"]
[Black "Barbini, Denis"]
[Result "1-0"]
[WhiteElo "1997"]
[BlackElo "2101"]
[PlyCount "92"]
[EventDate "2017.05.18"]
[EventType "team-tourn"]
[EventRounds "11"]
[EventCountry "FRA"]
[SourceTitle "CBM 178 Extra"]
[Source "ChessBase"]
[SourceDate "2017.06.22"]
[SourceVersion "1"]
[SourceVersionDate "2017.06.22"]
[SourceQuality "1"]
[WhiteTeam "Bois Colombes"]
[BlackTeam "Lisieux"]
[WhiteTeamCountry "FRA"]
[BlackTeamCountry "FRA"]

1. d4 d5 2. c4 c6 3. Nf3 Nf6 4. b3 Bf5 5. e3 e6 6. Be2 h6 7. 0-0 Nbd7 8. Bb2 Be7 9. Nc3 0-0 10. h3 Ne4 11. Nd2 Bd6 12. Ndxe4 dxe4 13. Bg4 Bxg4 14. Qxg4 f5 15. Qe2 Qg5 16. Rad1 Rf6 17. f4 exf3 18. Qxf3 e5 19. Ne2 Rg6 20. a3 Re8 21. Bc1 e4 22. Qf2 c5 23. Nf4 Bxf4 24. exf4 Qe7 25. d5 e3 26. Qe2 Qe4 27. Rde1 Qb1 28. Bb2 Qe4 29. Rf3 Rb6 30. Rxe3 Qxe3+ 31. Qxe3 Rxe3 32. Rxe3 Kf7 33. Kf2 g5 34. Kf3 Rg6 35. Be5 g4+ 36. hxg4 fxg4+ 37. Kg3 Rg8 38. Kh4 Kg6 39. Bd6 Kf5 40. Re7 Nf6 41. Rf7 Kg6 42. Rxb7 Ne4 43. Be5 g3 44. Rxa7 h5 45. Ra6+ Kf5 46. Kxh5 Rb8 1-0

[Event "FRA-chT Top 12"]
[Site "Chartres"]
[Date "2017.05.18"]
[Round "1.7"]
[White "Vitoux, Colomban"]
[Black "Barbini, Denis"]
[Result "1-0"]
[WhiteElo "2382"]
[BlackElo "2101"]
[PlyCount "93"]
[EventDate "2017.05.18"]
[EventType "team-tourn"]
[EventRounds "11"]
[EventCountry "FRA"]
[SourceTitle "CBM 178 Extra"]
[Source "ChessBase"]
[SourceDate "2017.06.22"]
[SourceVersion "1"]
[SourceVersionDate "2017.06.22"]
[SourceQuality "1"]
[WhiteTeam "Strasbourg"]
[BlackTeam "Lisieux"]
[WhiteTeamCountry "FRA"]
[BlackTeamCountry "FRA"]

1. e4 e5 2. Nf3 Nc6 3. d4 exd4 4. Nxd4 Nf6 5. Nxc6 bxc6 6. Qd4 Qe7 7. Nc3 Qb4 8. Be3 Qxd4 9. Bxd4 Be7 10. 0-0-0 0-0 11. Bc4 d6 12. f3 Be6 13. Bb3 Nd7 14. Ba4 c5 15. Be3 Nb6 16. Bc6 Rab8 17. b3 a6 18. Nd5 Bxd5 19. exd5 Bf6 20. Rhe1 Nc8 21. Bd2 Ne7 22. Ba5 Nxc6 23. dxc6 Rfc8 24. Re4 g6 25. a4 Bg5+ 26. Kb2 f5 27. Re2 Bf6+ 28. c3 Kf7 29. Kc2 h5 30. b4 cxb4 31. cxb4 Be5 32. g3 f4 33. gxf4 Bxf4 34. Kb3 g5 35. Kc4 Be5 36. Rd5 h4 37. Rexe5 dxe5 38. Rd7+ Ke6 39. Bxc7 Ra8 40. Kc5 Rf8 41. Rd6+ Ke7 42. Kd5 Rxf3 43. Rd7+ Ke8 44. Bxe5 Rd8 45. Ke6 Rxd7 46. cxd7+ Kd8 47. Bd4 1-0

[Event "FRA-chT1A 1112"]
[Site "France"]
[Date "2011.12.10"]
[Round "4.4"]
[White "Delorme, Alban"]
[Black "Barbini, Denis"]
[Result "1-0"]
[WhiteElo "2277"]
[BlackElo "2116"]
[PlyCount "66"]
[EventDate "2011.10.16"]
[EventType "team-tourn"]
[EventRounds "11"]
[EventCountry "FRA"]
[SourceTitle "EXT 2013"]
[Source "ChessBase"]
[SourceDate "2012.11.22"]
[SourceVersion "1"]
[SourceVersionDate "2012.11.22"]
[SourceQuality "1"]
[WhiteTeam "Sautron"]
[BlackTeam "Lisieux"]
[WhiteTeamCountry "FRA"]
[BlackTeamCountry "FRA"]

1. e4 e5 2. d4 exd4 3. Qxd4 Nc6 4. Qe3 Nf6 5. Nc3 Bb4 6. Bd2 0-0 7. 0-0-0 Re8 8. f3 d5 9. Qf2 Qe7 10. Nxd5 Nxd5 11. exd5 Bc5 12. Qg3 Nb4 13. Bb5 c6 14. Bxb4 cxb5 15. Bc3 Qf8 16. Nh3 Bd6 17. Qh4 Bf5 18. Qg5 Bg6 19. Nf4 b4 20. Nxg6 fxg6 21. Bd2 Re5 22. Qg4 Rxd5 23. Be3 Rf5 24. Kb1 Kh8 25. h4 a5 26. h5 Rxh5 27. Rxh5 gxh5 28. Qxh5 Re8 29. Bc1 Be5 30. f4 g6 31. Qf3 Bg7 32. Qxb7 Re7 33. Qb6 Rf7 1-0

[Event "FRA-chT1A 1112"]
[Site "France"]
[Date "2011.11.13"]
[Round "3.7"]
[White "Zaninetti, Laurent"]
[Black "Barbini, Denis"]
[Result "1/2-1/2"]
[WhiteElo "1990"]
[BlackElo "2116"]
[PlyCount "34"]
[EventDate "2011.10.16"]
[EventType "team-tourn"]
[EventRounds "11"]
[EventCountry "FRA"]
[SourceTitle "EXT 2013"]
[Source "ChessBase"]
[SourceDate "2012.11.22"]
[SourceVersion "1"]
[SourceVersionDate "2012.11.22"]
[SourceQuality "1"]
[WhiteTeam "Agen"]
[BlackTeam "Lisieux"]
[WhiteTeamCountry "FRA"]
[BlackTeamCountry "FRA"]

1. d4 d5 2. c4 c6 3. Nf3 Nf6 4. e3 e6 5. Nbd2 Nbd7 6. b3 Bd6 7. Bb2 0-0 8. Ne5 Ne4 9. Bd3 Nxe5 10. dxe5 Bb4 11. Bxe4 dxe4 12. a3 Bxd2+ 13. Qxd2 Qb6 14. Qb4 Rd8 15. Rd1 Rxd1+ 16. Kxd1 Bd7 17. Kc2 c5 1/2-1/2

[Event "FRA-chT2 0910"]
[Site "France"]
[Date "2010.01.24"]
[Round "7.6"]
[White "Mohammad, Fahim"]
[Black "Barbini, Denis"]
[Result "0-1"]
[WhiteElo "1836"]
[BlackElo "2120"]
[PlyCount "62"]
[EventDate "2009.09.27"]
[EventType "team-tourn"]
[EventRounds "11"]
[EventCountry "FRA"]
[SourceTitle "EXT 2011"]
[Source "ChessBase"]
[SourceDate "2010.11.26"]
[SourceVersion "1"]
[SourceVersionDate "2010.11.26"]
[SourceQuality "1"]

1. d4 d5 2. c4 Nc6 3. Nf3 Bg4 4. Nc3 e6 5. e3 Bb4 6. Qa4 Bxf3 7. gxf3 dxc4 8. Bxc4 a6 9. Bd3 Nge7 10. Bd2 e5 11. d5 Bxc3 12. Bxc3 Qxd5 13. Ke2 b5 14. Qc2 g6 15. f4 0-0 16. Be4 Qc4+ 17. Bd3 Qe6 18. fxe5 Nxe5 19. Bxe5 Qxe5 20. h4 Nd5 21. Rad1 Nb4 22. Kf1 Nxd3 23. Rxd3 Qe4 24. Rh3 Rad8 25. Rc3 Qg4 26. Rg3 Qxh4 27. Rxc7 Qh1+ 28. Ke2 Qh5+ 29. Kf1 Rd1+ 30. Qxd1 Qxd1+ 31. Kg2 Qd5+ 0-1

[Event "FRA-chT2 West 0809"]
[Site "France"]
[Date "2009.03.14"]
[Round "8.7"]
[White "Betton, Olivier"]
[Black "Barbini, Denis"]
[Result "0-1"]
[WhiteElo "2185"]
[BlackElo "2100"]
[PlyCount "108"]
[EventDate "2008.10.19"]
[EventType "team-tourn"]
[EventRounds "11"]
[EventCountry "FRA"]
[SourceTitle "EXT 2010"]
[Source "ChessBase"]
[SourceDate "2010.11.25"]
[SourceVersion "1"]
[SourceVersionDate "2010.11.25"]
[SourceQuality "1"]
[WhiteTeam "Evry Grand Roque II"]
[BlackTeam "Lisieux"]
[WhiteTeamCountry "FRA"]
[BlackTeamCountry "FRA"]

1. c4 e5 2. g3 Nf6 3. Bg2 c6 4. d4 exd4 5. Qxd4 d5 6. cxd5 cxd5 7. Nf3 Nc6 8. Qd1 h6 9. 0-0 Bc5 10. Nc3 0-0 11. Na4 Be7 12. Be3 Ne4 13. Rc1 Bf6 14. Nd4 Ne5 15. Bf4 g5 16. Bxe5 Bxe5 17. e3 Qf6 18. Nc5 Rd8 19. b4 Qb6 20. Qh5 Bxd4 21. exd4 Bf5 22. Rfe1 Rac8 23. g4 Bh7 24. Nd7 Qxd4 25. Bxe4 dxe4 26. Rcd1 Qg7 27. Rd6 Rc6 28. Red1 Bg6 29. Qh3 e3 30. fxe3 Rxd6 31. Rxd6 Qa1+ 32. Qf1 Qc3 33. Nf6+ Kg7 34. Nd5 Qe5 35. Qf6+ Qxf6 36. Nxf6 Rc8 37. a4 Rc4 38. Nd5 Rxg4+ 39. Kf2 Rh4 40. Kg3 Bf5 41. a5 Be6 42. Nc7 Rh3+ 43. Kg2 Rxe3 44. Nxe6+ Rxe6 45. Rd7 b5 46. Rxa7 Re4 47. Kf3 Rxb4 48. Rb7 Kg6 49. Rb6+ f6 50. Ke3 Rb2 51. Kd4 Rxh2 52. Rxb5 h5 53. a6 Ra2 54. Rb6 h4 0-1

[Event "FRA-chT2 West 0809"]
[Site "France"]
[Date "2008.11.23"]
[Round "3.6"]
[White "Barbini, Denis"]
[Black "Galloux, Maxime"]
[Result "1-0"]
[WhiteElo "2100"]
[BlackElo "2062"]
[PlyCount "51"]
[EventDate "2008.10.19"]
[EventType "team-tourn"]
[EventRounds "11"]
[EventCountry "FRA"]
[SourceTitle "EXT 2010"]
[Source "ChessBase"]
[SourceDate "2010.11.25"]
[SourceVersion "1"]
[SourceVersionDate "2010.11.25"]
[SourceQuality "1"]
[WhiteTeam "Lisieux"]
[BlackTeam "Echiquier Bordelais"]
[WhiteTeamCountry "FRA"]
[BlackTeamCountry "FRA"]

1. e4 c5 2. Nf3 g6 3. d4 cxd4 4. Qxd4 Nf6 5. e5 Nc6 6. Qa4 Nd5 7. c4 Nc7 8. Nc3 Ne6 9. Be3 Bg7 10. Nd5 Rb8 11. 0-0-0 b6 12. h4 0-0 13. h5 Nc5 14. Qa3 Nxe5 15. Nxe5 Bxe5 16. hxg6 fxg6 17. Bg5 Rf7 18. Qe3 Bf6 19. Nxf6+ exf6 20. Bf4 Ra8 21. b3 Re7 22. Qd4 Ne6 23. Qxf6 Nxf4 24. Qxf4 Bb7 25. c5 Re4 26. Bc4+ 1-0

[Event "FRA-chT2 West 0708"]
[Site "France"]
[Date "2008.02.10"]
[Round "7.4"]
[White "Lefebvre, Herve"]
[Black "Barbini, Denis"]
[Result "1-0"]
[WhiteElo "2253"]
[BlackElo "2129"]
[PlyCount "77"]
[EventDate "2007.10.21"]
[EventType "team"]
[EventRounds "11"]
[EventCountry "FRA"]
[SourceTitle "EXT 2009"]
[Source "ChessBase"]
[SourceDate "2008.11.26"]
[SourceVersion "1"]
[SourceVersionDate "2008.11.26"]
[SourceQuality "1"]
[WhiteTeam "Gonfreville II"]
[BlackTeam "Lisieux"]
[WhiteTeamCountry "FRA"]
[BlackTeamCountry "FRA"]

1. e4 d6 2. d4 Nf6 3. Nc3 g6 4. f4 Bg7 5. Nf3 c5 6. Bb5+ Bd7 7. e5 Ng4 8. Bxd7+ Qxd7 9. d5 dxe5 10. h3 e4 11. hxg4 exf3 12. Qxf3 Na6 13. Bd2 Nb4 14. 0-0-0 0-0-0 15. Ne4 Qa4 16. Bxb4 Qxb4 17. c3 Qc4 18. Ng5 Rd6 19. b3 Qa6 20. Kb2 Qa5 21. Ne4 Ra6 22. Ra1 c4 23. Nd2 b5 24. a4 b4 25. Nxc4 Bxc3+ 26. Kc2 Qc5 27. Ra2 Rd8 28. Rd1 Kb8 29. Kb1 Rf6 30. Re2 e6 31. d6 g5 32. f5 e5 33. Rd5 Qg1+ 34. Kc2 a6 35. Rdd2 Qc5 36. Rd5 Qg1 37. Na5 Rdxd6 38. Rxd6 Rxd6 39. Qb7# 1-0

[Event "FRA-chT2 West 0708"]
[Site "France"]
[Date "2007.11.25"]
[Round "3.6"]
[White "Sabban, Manuel"]
[Black "Barbini, Denis"]
[Result "0-1"]
[WhiteElo "1867"]
[BlackElo "2133"]
[PlyCount "52"]
[EventDate "2007.10.21"]
[EventType "team"]
[EventRounds "11"]
[EventCountry "FRA"]
[SourceTitle "EXT 2009"]
[Source "ChessBase"]
[SourceDate "2008.11.26"]
[SourceVersion "1"]
[SourceVersionDate "2008.11.26"]
[SourceQuality "1"]
[WhiteTeam "Bagneux"]
[BlackTeam "Lisieux"]
[WhiteTeamCountry "FRA"]
[BlackTeamCountry "FRA"]

1. d4 d6 2. c4 g6 3. e4 Bg7 4. Nf3 Nf6 5. Nc3 0-0 6. Be2 e5 7. d5 Nbd7 8. h3 Nc5 9. Qc2 a5 10. Be3 Nh5 11. Na4 b6 12. Nxc5 bxc5 13. g3 f5 14. Bd2 fxe4 15. Nh4 Nf4 16. Qxe4 Nxe2 17. Qxe2 e4 18. Be3 Rb8 19. Rb1 Qf6 20. b3 g5 21. Ng2 Qf3 22. Kf1 Qxg3 23. Qh5 Bd4 24. Qxg5+ Qxg5 25. Bxg5 Rxf2+ 26. Kg1 Rb2+ 0-1

[Event "FRA-chT2 West 0708"]
[Site "France"]
[Date "2007.11.24"]
[Round "2.7"]
[White "Gallant, Aurelien"]
[Black "Barbini, Denis"]
[Result "0-1"]
[WhiteElo "1898"]
[BlackElo "2133"]
[PlyCount "127"]
[EventDate "2007.10.21"]
[EventType "team"]
[EventRounds "11"]
[EventCountry "FRA"]
[SourceTitle "EXT 2009"]
[Source "ChessBase"]
[SourceDate "2008.11.26"]
[SourceVersion "1"]
[SourceVersionDate "2008.11.26"]
[SourceQuality "1"]
[WhiteTeam "Sautron"]
[BlackTeam "Lisieux"]
[WhiteTeamCountry "FRA"]
[BlackTeamCountry "FRA"]

1. e4 d6 2. d4 Nf6 3. Nc3 g6 4. f4 Bg7 5. Nf3 c5 6. dxc5 Qa5 7. Bb5+ Bd7 8. Bxd7+ Nbxd7 9. Bd2 Qxc5 10. Qe2 a6 11. e5 dxe5 12. fxe5 Ng4 13. e6 Nde5 14. h3 Nxf3+ 15. Qxf3 Ne5 16. exf7+ Nxf7 17. 0-0-0 0-0 18. Qd5 Qc7 19. Qe6 Rac8 20. Rhf1 Bf6 21. Qb3 Rfd8 22. Ne4 Kg7 23. Bc3 Rxd1+ 24. Kxd1 Ne5 25. Qe6 Qc4 26. Qxc4 Rxc4 27. Nxf6 exf6 28. Bxe5 fxe5 29. Kd2 Rd4+ 30. Ke3 b5 31. c3 Ra4 32. a3 Rc4 33. Kd3 h5 34. g3 Ra4 35. Rf2 Rc4 36. b3 e4+ 37. Kc2 Rc6 38. Rf4 Re6 39. Kd2 g5 40. Rf5 Kg6 41. Rd5 Rf6 42. c4 bxc4 43. bxc4 Rf3 44. c5 Rxa3 45. c6 e3+ 46. Kc2 e2 47. Re5 Ra5 48. Rxe2 Rc5+ 49. Kd3 Rxc6 50. Re5 Rb6 51. Ke3 Rb3+ 52. Kf2 Ra3 53. Kg2 Kf6 54. Rc5 a5 55. h4 Ra2+ 56. Kg1 gxh4 57. gxh4 Kg6 58. Rg5+ Kh6 59. Rc5 a4 60. Ra5 a3 61. Ra6+ Kg7 62. Kf1 Ra1+ 63. Ke2 a2 64. Kf2 0-1

[Event "Agneaux St Lo op 10th"]
[Site "Agneaux"]
[Date "2006.02.23"]
[Round "3"]
[White "Barbini, Denis"]
[Black "Amoyal, Pierre"]
[Result "1-0"]
[WhiteElo "2054"]
[BlackElo "2203"]
[PlyCount "109"]
[EventDate "2006.02.22"]
[EventType "swiss"]
[EventRounds "7"]
[EventCountry "FRA"]
[SourceTitle "CBM 110 Extra"]
[Source "ChessBase"]
[SourceDate "2006.03.10"]
[SourceVersion "2"]
[SourceVersionDate "2006.03.10"]
[SourceQuality "1"]

1. g3 Nf6 2. Bg2 g6 3. d3 Bg7 4. Nf3 0-0 5. 0-0 d5 6. Nc3 d4 7. Na4 Nc6 8. c4 e5 9. e4 dxe3 10. Bxe3 Bf5 11. Nc5 Ng4 12. Nh4 Nxe3 13. fxe3 Bc8 14. Qe2 Qe7 15. Ne4 Nd8 16. Rad1 Ne6 17. Kh1 c6 18. a3 a5 19. Nc3 Nc5 20. b4 axb4 21. axb4 Na4 22. Nxa4 Rxa4 23. b5 cxb5 24. cxb5 Rb4 25. Rb1 Qc5 26. Rxb4 Qxb4 27. Bd5 Qxb5 28. Bc4 Qc6+ 29. e4 Be6 30. Nf3 Bxc4 31. dxc4 Rc8 32. Rd1 Bf6 33. Rc1 b5 34. c5 Ra8 35. g4 Ra4 36. g5 Bg7 37. Qd3 Rxe4 38. Qd6 Qc8 39. c6 Qh3 40. Qd3 Rd4 41. Qe2 Rc4 42. Rxc4 bxc4 43. c7 Qg4 44. Nd4 Qc8 45. Nb5 Qb7+ 46. Qg2 e4 47. Qg4 e3+ 48. Kg1 Qxb5 49. c8Q+ Bf8 50. Qcxc4 Qb1+ 51. Qf1 Qb6 52. Kh1 Bc5 53. Qgf3 Qe6 54. Qa8+ Bf8 55. Qf6 1-0

[Event "FRA-ch op-A"]
[Site "Aix les Bains"]
[Date "2003.08.23"]
[Round "5"]
[White "Barbini, Denis"]
[Black "Lalau, Alexandre"]
[Result "0-1"]
[WhiteElo "2078"]
[BlackElo "2000"]
[PlyCount "42"]
[EventDate "2003.08.19"]
[EventType "swiss"]
[EventRounds "11"]
[EventCountry "FRA"]
[SourceTitle "EXT 2004"]
[Source "ChessBase"]
[SourceDate "2003.11.25"]
[SourceVersion "1"]
[SourceVersionDate "2003.11.25"]
[SourceQuality "1"]

1. e4 c5 2. Nf3 e6 3. c3 d5 4. e5 Nc6 5. d4 Qc7 6. a3 Nge7 7. Bd3 cxd4 8. cxd4 f6 9. exf6 gxf6 10. Nc3 a6 11. 0-0 Bd7 12. Na4 e5 13. dxe5 fxe5 14. Ng5 e4 15. Qh5+ Ng6 16. Nxh7 Nce5 17. Bf4 Rxh7 18. Qxh7 Nxf4 19. Bxe4 dxe4 20. Qxe4 Bc6 21. Rac1 Bxe4 0-1

[Event "Le Mans op"]
[Site "Le Mans "]
[Date "2001.12.29"]
[Round "5"]
[White "Barbini, Denis"]
[Black "Richet, Vincent"]
[Result "0-1"]
[WhiteElo "2105"]
[BlackElo "1990"]
[PlyCount "60"]
[EventDate "2001.12.26"]
[EventType "swiss"]
[EventRounds "9"]
[EventCountry "FRA"]
[SourceTitle "EXT 2008"]
[Source "ChessBase"]
[SourceDate "2007.11.25"]
[SourceVersion "1"]
[SourceVersionDate "2007.11.25"]
[SourceQuality "1"]

1. e4 e5 2. Nf3 Nc6 3. d4 exd4 4. Nxd4 Nf6 5. Nxc6 bxc6 6. e5 Qe7 7. Qe2 Nd5 8. c4 Ba6 9. Nd2 Nb4 10. Nf3 c5 11. Qe4 Rb8 12. Bd3 d5 13. Qe2 Nxd3+ 14. Qxd3 Bxc4 15. Qa3 c6 16. Bf4 Rb7 17. 0-0-0 Be2 18. Rde1 Bxf3 19. gxf3 c4 20. Qa6 Rb6 21. Qc8+ Qd8 22. Qg4 g6 23. e6 f5 24. Qg3 Qe7 25. Bg5 Qg7 26. Re2 Ba3 27. e7 Rxb2 28. Rxb2 Qxb2+ 29. Kd1 Qb1+ 30. Ke2 Qd3+ 0-1

[Event "Saint Quentin op 4th"]
[Site "Saint Quentin"]
[Date "2001.04.21"]
[Round "8.20"]
[White "Plantet, Marc"]
[Black "Barbini, Denis"]
[Result "0-1"]
[WhiteElo "1860"]
[BlackElo "2159"]
[PlyCount "56"]
[EventDate "2001.04.15"]
[EventType "swiss"]
[EventRounds "9"]
[EventCountry "FRA"]
[SourceTitle "EXT 2002"]
[Source "ChessBase"]
[SourceDate "2001.11.25"]
[SourceVersion "1"]
[SourceVersionDate "2001.11.25"]
[SourceQuality "1"]

1. e4 e5 2. Nf3 Nc6 3. Bc4 Nf6 4. Ng5 d5 5. exd5 b5 6. Bxb5 Qxd5 7. Nc3 Qxg2 8. Qf3 Qxf3 9. Nxf3 Bd7 10. Rg1 e4 11. Ng5 h6 12. Ngxe4 Nxe4 13. Nxe4 Nd4 14. Bxd7+ Kxd7 15. Kd1 Re8 16. d3 f5 17. Nc3 Nf3 18. Rh1 Bd6 19. Be3 Bxh2 20. Ne2 Bd6 21. Rh3 Ne5 22. Kd2 c5 23. Rd1 g5 24. Kc1 Ng4 25. d4 c4 26. Nc3 f4 27. Rg1 fxe3 28. Rxg4 exf2 0-1

[Event "Agneaux St Lo op 05th"]
[Site "Agneaux"]
[Date "2001.02.16"]
[Round "4"]
[White "Yu, Shaoteng"]
[Black "Barbini, Denis"]
[Result "1-0"]
[WhiteElo "2493"]
[BlackElo "2159"]
[PlyCount "51"]
[EventDate "2001.02.14"]
[EventType "swiss"]
[EventRounds "7"]
[EventCountry "FRA"]
[SourceTitle "CBM 080 Extra"]
[Source "ChessBase"]
[SourceDate "2001.03.08"]
[SourceVersion "1"]
[SourceVersionDate "2001.03.08"]
[SourceQuality "1"]

1. e4 e5 2. Nf3 Nc6 3. Bb5 f5 4. d4 fxe4 5. Nxe5 Nxe5 6. dxe5 c6 7. Be2 Qa5+ 8. Bd2 Qxe5 9. Bc3 Qg5 10. Bh5+ Kd8 11. 0-0 Nf6 12. f4 exf3 13. Bxf3 Bc5+ 14. Kh1 d5 15. Bxf6+ gxf6 16. c4 d4 17. Nc3 Kc7 18. Ne4 Qe5 19. Qd2 Be6 20. Nxc5 Qxc5 21. b4 Qxc4 22. Rfc1 Qb5 23. Rc5 Qb6 24. Qf4+ Kd7 25. Qxd4+ Ke7 26. Re1 1-0

[Event "Agneaux St Lo Masters-A"]
[Site "Agneaux"]
[Date "2001.??.??"]
[Round "1"]
[White "Barbini, Denis"]
[Black "Forthofer, Robert"]
[Result "0-1"]
[WhiteElo "2159"]
[BlackElo "2198"]
[PlyCount "98"]
[EventDate "2001.07.??"]
[EventType "tourn"]
[EventRounds "9"]
[EventCountry "FRA"]
[SourceTitle "EXT 2002"]
[Source "ChessBase"]
[SourceDate "2001.11.25"]
[SourceVersion "1"]
[SourceVersionDate "2001.11.25"]
[SourceQuality "1"]

1. e4 c5 2. Nf3 d6 3. Bb5+ Bd7 4. Bxd7+ Qxd7 5. c4 Nc6 6. d4 cxd4 7. Nxd4 Nf6 8. Nc3 g6 9. 0-0 Bg7 10. Nde2 0-0 11. Rb1 Qe6 12. Nd5 Qxe4 13. Nec3 Qxc4 14. b3 Qd4 15. Nxe7+ Kh8 16. Qxd4 Nxd4 17. Ba3 Rfe8 18. Rbd1 Nh5 19. Bxd6 Rad8 20. Bc7 Rd7 21. Ned5 Rc8 22. Bg3 Rc5 23. Rfe1 h6 24. Be5 Rcxd5 25. Nxd5 Rxd5 26. Rxd4 Rxd4 27. Bxd4 Bxd4 28. Re7 Kg7 29. Rxb7 Nf6 30. Rb4 Bb6 31. Kf1 Nd5 32. Rc4 Kf6 33. Ke2 Ke5 34. g3 Nc7 35. f4+ Kf5 36. Kf3 Ne6 37. g4+ Kf6 38. h4 h5 39. g5+ Kf5 40. Rb4 Nd4+ 41. Kg3 Ke4 42. Rc4 Ke3 43. Rc3+ Ke2 44. Rc8 Nf5+ 45. Kh3 Kf3 46. Rf8 Nd6 47. f5 gxf5 48. Rh8 Ne4 49. Rxh5 Bg1 0-1

[Event "FRA-chT U18"]
[Site "France"]
[Date "1996.??.??"]
[Round "?"]
[White "Barbini, Denis"]
[Black "Stepanov, Mikhail"]
[Result "0-1"]
[WhiteElo "2060"]
[BlackElo "1820"]
[PlyCount "66"]
[EventDate "1996.??.??"]
[EventType "team"]
[EventRounds "11"]
[EventCountry "FRA"]
[SourceTitle "EXT 2004"]
[Source "ChessBase"]
[SourceDate "2003.11.25"]
[SourceVersion "1"]
[SourceVersionDate "2003.11.25"]
[SourceQuality "1"]

1. e4 e6 2. d4 d5 3. Nc3 Bb4 4. a3 Bxc3+ 5. bxc3 dxe4 6. Qg4 Nf6 7. Qxg7 Rg8 8. Qh6 Nbd7 9. Nh3 b6 10. Bb5 Bb7 11. Bg5 Rg6 12. Qh4 c6 13. Bc4 h6 14. Bxf6 Qxf6 15. Qxe4 0-0-0 16. 0-0-0 c5 17. Qd3 Rg4 18. Ba6 cxd4 19. Bxb7+ Kxb7 20. f4 Rgg8 21. Qf3+ Kb8 22. cxd4 Nc5 23. c3 Na4 24. Kb1 Qg6+ 25. Kc1 Rc8 26. Rd3 Qxg2 27. Qxg2 Rxg2 28. f5 Nxc3 29. fxe6 fxe6 30. Re1 Na4+ 31. Kb1 Rb2+ 32. Ka1 Rcc2 33. Rxe6 Rc1# 0-1